02591nam a22002897a 4500008004100000020001800041040000800059041000800067050002600075100004100101245003300142250001800175260004500193300002400238490004200262490002400304520083900328520083401167586002602001650004102027650003402068650004202102655004102144942000802185952009302193999001502286251111b |||||||| |||| 00| 0 eng d a9788411070904 ctbs aspa aPQ6653.E62 bT47 2019 aCercas, Javierd1962-925458eauthor aTerra altac/ Javier Cercas. aFirst edition aBarcelona : bTusquets Editores, c2022. a365 pages ;c23 cm. aAutores españoles e iberoamericanos aTerra alta ;vbk. 1 aUn crimen terrible sacude la apacible comarca de la Terra Alta: los propietarios de su mayor empresa, Gráficas Adell, aparecen asesinados tras haber sido sometidos a atroces torturas. Se encarga del caso Melchor Marín, un joven policía y lector voraz llegado desde Barcelona cuatro años atrás, con un oscuro pasado a cuestas que le ha convertido en una leyenda del cuerpo y que cree haber enterrado bajo su vida feliz como marido de la bibliotecaria del pueblo y padre de una niña llamada Cosette, igual que la hija de Jean Valjean, el protagonista de su novela favorita: Los miserables. Partiendo de ese suceso, esta novela se convierte en una reflexión sobre el valor de la ley, la posibilidad de la justicia y la legitimidad de la venganza, pero sobre todo en la epopeya de un hombre en busca de su lugar en el mundo. aA terrible crime shakes the peaceful region of Terra Alta: the owners of its largest company, Gráficas Adell, are found murdered after having been subjected to horrific torture. The case is assigned to Melchor Marín, a young police officer and voracious reader who arrived from Barcelona four years earlier. Burdened with a dark past that has turned him into a legend within the force, he believes he has buried it beneath his happy life as the husband of the town librarian and the father of a little girl named Cosette—just like Jean Valjean’s daughter in his favorite novel, Les Misérables. From this brutal event, the novel unfolds as a meditation on the value of the law, the possibility of justice, and the legitimacy of vengeance—but above all, as the epic story of a man searching for his place in the world. aPremio Planeta, 2019. 0aMurderxInvestigationvFiction97769 0aPolicezSpainvFiction926463 0aFathers and daughtersvFiction922885 0aDetective and mystery fiction923664 2lcc 00102lcc4070aTBSbTBSd2025-11-11l0oP-SP CERpB05660r2025-11-11t1w2025-11-11y1 c5166d5166